|
|
|
|
| LEADER |
01605njm a2200457 a 4500 |
| 001 |
000536644 |
| 003 |
CZ BrMZK |
| 005 |
20000105143423.0 |
| 008 |
000105s2000 xr f cze d |
| 028 |
0 |
3 |
|a SU 5305-4 511
|b Supraphon
|
| 040 |
|
|
|a BOA001
|b cze
|
| 080 |
|
|
|a 784.4"197"(086.7)
|2 MRF
|
| 100 |
1 |
|
|a Elefteriadu, Martha,
|d 1946-
|7 jn19981000963
|4 prf
|
| 245 |
1 |
0 |
|a Kresby tuší
|h [zvukový záznam] /
|c Martha Elefteriadu.
|
| 246 |
3 |
3 |
|a Tohle že máš být ty?
|
| 246 |
3 |
3 |
|a Vítam slunce ranní
|
| 246 |
3 |
3 |
|a Výlet po řece
|
| 246 |
3 |
3 |
|a Dvě kresby tuší
|
| 246 |
3 |
3 |
|a Horizont
|
| 246 |
3 |
3 |
|a Horký vítr
|
| 246 |
3 |
3 |
|a Hrál sis, hrál
|
| 246 |
3 |
3 |
|a Kde? Kdy? Ja a ty
|
| 246 |
3 |
3 |
|a Melancholická noc
|
| 246 |
3 |
3 |
|a Mám ráda běh
|
| 246 |
3 |
3 |
|a Měla jsem vždycky smůlu
|
| 246 |
3 |
3 |
|a Podzimní odpoledne
|
| 246 |
3 |
3 |
|a Proměna
|
| 260 |
|
|
|a Praha :
|b Supraphon,
|c p2000
|
| 300 |
|
|
|a 1 MC ;
|c stereo, Dolby systém +
|e 1 složený list.
|
| 306 |
|
|
|a 005057
|
| 500 |
|
|
|a Durata 50:57
|
| 500 |
|
|
|a Nahr. 1979-1980
|
| 505 |
2 |
|
|a Dvě kresby tuší, Měla jsem vždycky smůlu, Proměna ...[et al.]
|
| 511 |
0 |
|
|a Vladimír Merta, zpěv. Studiová skupina Michala Kocába
|
| 653 |
0 |
|
|a populární hudba
|a populární písně
|
| 700 |
1 |
|
|a Merta, Vladimír,
|d 1946-
|7 jk01081302
|4 prf
|
| 710 |
2 |
|
|a Studiová skupina Michaela Kocába
|7 mzk2008451487
|4 prf
|
| 910 |
|
|
|a BOA001
|b KZ-0009.069
|
| 964 |
|
|
|a Hudba populární
|z stol.20.,léta 70.
|x CD
|
| 990 |
|
|
|a AV
|
| 996 |
6 |
|
|b 261H009759
|c KZ-0009.069
|l MZK
|r Sklad / do 24 hodin
|n 0
|p reklamovano
|w 000536644
|u 000010
|a 1
|e BOA001
|j MZK50
|s P
|